Vista normal Vista MARC

Entrada Topical Term

Número de registros utilizados en: 1

001 - CONTROL NUMBER

  • control field: 7436

003 - CONTROL NUMBER IDENTIFIER

  • control field: OSt

005 - DATE AND TIME OF LATEST TRANSACTION

  • control field: 20200716175852.0

008 - FIXED-LENGTH DATA ELEMENTS

  • fixed length control field: 200716|| aca||aabn | a|a d

040 ## - CATALOGING SOURCE

  • Original cataloging agency: OSt
  • Transcribing agency: OSt

150 ## - HEADING--TOPICAL TERM

  • Topical term or geographic name entry element: Desarrollo económico y social
  • General subdivision: ensayos y conferencias
  • Geographic subdivision: América Latina

670 ## - SOURCE DATA FOUND

  • Source citation: Work cat.: (OSt)3885: Consuegra Higgins, José, autor 3510, Pensadores sociales latinoamericanos : , 2016